[Event "GER CupT"]
[Site "Germany"]
[Date "2023.03.11"]
[Round "3.1"]
[White "Shirov, Alexei"]
[Black "Mueller, Oliver"]
[Result "1-0"]
[WhiteElo "2661"]
[BlackElo "2269"]
[PlyCount "81"]
[EventDate "2023.01.28"]
[EventType "team-k.o."]
[EventRounds "4"]
[EventCountry "GER"]
[SourceTitle "EXT 2024"]
[Source "ChessBase"]
[SourceDate "2023.10.10"]
[SourceVersion "1"]
[SourceVersionDate "2023.10.10"]
[SourceQuality "1"]
[WhiteTeam "Baden-Baden"]
[BlackTeam "DBSB"]
[WhiteTeamCountry "GER"]
[BlackTeamCountry "GER"]

1. e4 c6 2. d4 d5 3. e5 Bf5 4. h4 h5 5. Bd3 Bxd3 6. Qxd3 e6 7. Nf3 Qa5+ 8. Nbd2 Qa6 9. c4 Ne7 10. 0-0 Nf5 11. Qc2 Be7 12. g3 Nd7 13. c5 Qa5 14. a3 Qc7 15. b4 f6 16. exf6 Bxf6 17. Nb3 0-0 18. Bf4 Qd8 19. Rae1 Nxh4 20. gxh4 Bxh4 21. Nxh4 Rxf4 22. Ng2 Qg5 23. Rxe6 Rg4 24. f4 Qh4 25. Qe2 Qh3 26. Re7 Nf6 27. Rf3 Qh4 28. Ree3 Ne4 29. Rh3 Qf6 30. Rxh5 Qg6 31. Reh3 Rf8 32. Rh8+ Kf7 33. Rxf8+ Kxf8 34. Nd2 Rxf4 35. Nxe4 Rxe4 36. Rh8+ Ke7 37. Qf2 Qf6 38. Rb8 Rxd4 39. Rxb7+ Ke6 40. Qxf6+ gxf6 41. Rc7 1-0

[Event "Millennium Hybrid Masters"]
[Site "Tornelo INT"]
[Date "2022.03.09"]
[Round "5.2"]
[White "Van Hasselt, Frank"]
[Black "Mueller, Oliver"]
[Result "1/2-1/2"]
[WhiteElo "2226"]
[BlackElo "2269"]
[PlyCount "66"]
[EventDate "2022.03.09"]
[EventType "team-tourn"]
[EventRounds "5"]
[EventCountry "GER"]
[SourceTitle "EXT 2023"]
[Source "ChessBase"]
[SourceDate "2022.10.05"]
[SourceVersion "1"]
[SourceVersionDate "2022.10.05"]
[SourceQuality "1"]
[WhiteTeam "Berlin SF"]
[BlackTeam "Werder Bremen"]
[WhiteTeamCountry "GER"]
[BlackTeamCountry "GER"]

1. c4 c5 2. g3 g6 3. Bg2 Bg7 4. Nc3 Nc6 5. Nf3 e6 6. 0-0 Nge7 7. e3 0-0 8. d4 cxd4 9. Nxd4 d5 10. cxd5 exd5 11. Nde2 d4 12. exd4 Nxd4 13. Nxd4 Qxd4 14. Qb3 Nc6 15. Bf4 Qb6 16. Qxb6 axb6 17. a4 Be6 18. Be3 Na5 19. Nd5 Bxb2 20. Nxb6 Bxa1 21. Nxa8 Be5 22. Nb6 Rd8 23. Bf3 Nc4 24. Nxc4 Bxc4 25. Rb1 Ra8 26. Rb4 Ba6 27. h4 h5 28. Kg2 Bc3 29. Re4 Rc8 30. Bg5 b5 31. axb5 Bxb5 32. Re7 Bc4 33. Bf4 Bf6 1/2-1/2

[Event "Bremen Silvester op"]
[Site "Bremen"]
[Date "2018.12.28"]
[Round "4"]
[White "Mueller, Oliver"]
[Black "Colbow, Collin"]
[Result "1/2-1/2"]
[WhiteElo "2250"]
[BlackElo "2111"]
[PlyCount "87"]
[EventDate "2018.12.27"]
[EventType "swiss"]
[EventRounds "7"]
[EventCountry "GER"]
[SourceTitle "CBM 188 Extra"]
[Source "ChessBase"]
[SourceDate "2019.02.28"]
[SourceVersion "1"]
[SourceVersionDate "2019.02.28"]
[SourceQuality "1"]

1. d4 Nf6 2. c4 e6 3. Nf3 Bb4+ 4. Bd2 c5 5. Bxb4 cxb4 6. a3 bxa3 7. Rxa3 Nc6 8. Nc3 0-0 9. e3 d6 10. Be2 a5 11. 0-0 b6 12. d5 Nb4 13. dxe6 fxe6 14. Nd4 Qe7 15. Bf3 Ra7 16. Na2 Rc7 17. Nb5 Rxc4 18. Qxd6 Qe8 19. Nbc3 Nd7 20. Ne4 Qg6 21. Nd2 Rc5 22. Nxb4 axb4 23. Ra7 Ne5 24. Be4 Qh6 25. Qxb6 Qh5 26. h3 Nf7 27. Rc7 Rxc7 28. Qxc7 Ng5 29. Bc6 Ba6 30. Ra1 Qe2 31. Qg3 Bd3 32. Qxg5 Qxd2 33. Ra7 Qxf2+ 34. Kh2 Qxb2 35. Rd7 Bg6 36. Rb7 Qc3 37. Bd7 Bf7 38. Ba4 h6 39. Qg3 e5 40. Bd1 e4 41. Rc7 Qf6 42. Rb7 Qc3 43. Rc7 Qf6 44. Rb7 1/2-1/2

[Event "IBCA World Cup 8th"]
[Site "Sofia"]
[Date "2018.07.27"]
[Round "7.1"]
[White "Donmez, Unal"]
[Black "Mueller, Oliver"]
[Result "0-1"]
[WhiteElo "1871"]
[BlackElo "2291"]
[PlyCount "52"]
[EventDate "2018.07.21"]
[EventType "team-tourn"]
[EventRounds "7"]
[EventCountry "BUL"]
[SourceTitle "CBM 185 Extra"]
[Source "ChessBase"]
[SourceDate "2018.07.29"]
[SourceVersion "1"]
[SourceVersionDate "2018.07.29"]
[SourceQuality "1"]
[WhiteTeam "Turkey (blind)"]
[BlackTeam "Germany (blind)"]
[WhiteTeamCountry "TUR"]
[BlackTeamCountry "GER"]

1. e4 c5 2. Nf3 Nc6 3. d4 cxd4 4. Nxd4 g6 5. Be3 Bg7 6. Nc3 Nf6 7. Nxc6 bxc6 8. e5 Ng8 9. f4 Nh6 10. Qd2 d6 11. 0-0-0 Be6 12. exd6 exd6 13. Bd4 f6 14. h3 0-0 15. g4 Qa5 16. Kb1 Rab8 17. Bg2 c5 18. Qe1 Rfe8 19. Be3 f5 20. Rd3 Bxa2+ 21. Kc1 Bc4 22. Bd5+ Bxd5 23. Rxd5 Qa1+ 24. Kd2 Qxb2 25. Nd1 Qb4+ 26. Kd3 Qe4+ 0-1

[Event "IBCA World Cup 8th"]
[Site "Sofia"]
[Date "2018.07.26"]
[Round "6.1"]
[White "Mueller, Oliver"]
[Black "Dimic, Pavle"]
[Result "1/2-1/2"]
[WhiteElo "2291"]
[BlackElo "2358"]
[PlyCount "73"]
[EventDate "2018.07.21"]
[EventType "team-tourn"]
[EventRounds "7"]
[EventCountry "BUL"]
[SourceTitle "CBM 185 Extra"]
[Source "ChessBase"]
[SourceDate "2018.07.29"]
[SourceVersion "1"]
[SourceVersionDate "2018.07.29"]
[SourceQuality "1"]
[WhiteTeam "Germany (blind)"]
[BlackTeam "Serbia (blind)"]
[WhiteTeamCountry "GER"]
[BlackTeamCountry "SRB"]

1. d4 Nf6 2. c4 e6 3. Nf3 Bb4+ 4. Bd2 Qe7 5. Nc3 0-0 6. Qc2 d6 7. a3 Bxc3 8. Bxc3 Nbd7 9. e4 e5 10. d5 a5 11. Nd2 Re8 12. g3 Nf8 13. Bg2 Ng6 14. 0-0 Bd7 15. b4 axb4 16. axb4 h5 17. h4 Ng4 18. Nf3 Rxa1 19. Rxa1 Rf8 20. Bd2 f5 21. Bg5 Qf7 22. Nh2 Ne7 23. Nxg4 hxg4 24. Bxe7 Qxe7 25. exf5 Bxf5 26. Be4 g6 27. Ra2 b6 28. h5 Qg5 29. hxg6 Qxg6 30. Bxf5 Qxf5 31. Qxf5 Rxf5 32. Ra7 Rf7 33. Kf1 Kg7 34. Ke2 Kg6 35. Ke3 Rf3+ 36. Ke2 Rf7 37. Ke3 1/2-1/2

[Event "IBCA-ol blind 15th"]
[Site "Ohrid"]
[Date "2017.06.26"]
[Round "7.1"]
[White "Smirnov, Alexey1"]
[Black "Mueller, Oliver"]
[Result "1-0"]
[WhiteElo "2427"]
[BlackElo "2271"]
[PlyCount "87"]
[EventDate "2017.06.19"]
[EventType "team-swiss"]
[EventRounds "9"]
[EventCountry "MKD"]
[SourceTitle "CBM 179 Extra"]
[Source "ChessBase"]
[SourceDate "2017.08.23"]
[SourceVersion "1"]
[SourceVersionDate "2017.08.23"]
[SourceQuality "1"]
[WhiteTeam "Russia"]
[BlackTeam "Germany"]
[WhiteTeamCountry "RUS"]
[BlackTeamCountry "GER"]

1. d4 Nf6 2. c4 e6 3. Nf3 Bb4+ 4. Bd2 Qe7 5. g3 Nc6 6. Bg2 Bxd2+ 7. Nbxd2 d6 8. 0-0 0-0 9. e4 e5 10. d5 Nb8 11. Ne1 a5 12. Nd3 Na6 13. a3 Bg4 14. f3 Bd7 15. b4 axb4 16. axb4 c6 17. dxc6 bxc6 18. Ra5 Nc7 19. Qa1 Rxa5 20. Qxa5 Be6 21. Qb6 Qd7 22. Ra1 Nfe8 23. Ra7 f5 24. f4 exf4 25. exf5 Bxf5 26. Nxf4 d5 27. cxd5 cxd5 28. Qd4 Be6 29. Qe5 Bf7 30. Nb3 Qb5 31. Nc5 Qxb4 32. Nd7 Nb5 33. Ra1 Nf6 34. Nxf8 Ng4 35. Nd3 Qd2 36. Qb8 Qe3+ 37. Kh1 Be8 38. Rf1 Nf6 39. Nd7 Nxd7 40. Qxb5 Nf6 41. Bxd5+ Kh8 42. Qc5 Qxc5 43. Nxc5 Bb5 44. Rb1 1-0

[Event "IBCA-ol blind 15th"]
[Site "Ohrid"]
[Date "2017.06.20"]
[Round "2.1"]
[White "Pribeanu, Mihail Dacian"]
[Black "Mueller, Oliver"]
[Result "1/2-1/2"]
[WhiteElo "2126"]
[BlackElo "2271"]
[PlyCount "61"]
[EventDate "2017.06.19"]
[EventType "team-swiss"]
[EventRounds "9"]
[EventCountry "MKD"]
[SourceTitle "CBM 179 Extra"]
[Source "ChessBase"]
[SourceDate "2017.08.23"]
[SourceVersion "1"]
[SourceVersionDate "2017.08.23"]
[SourceQuality "1"]
[WhiteTeam "Romania"]
[BlackTeam "Germany"]
[WhiteTeamCountry "ROU"]
[BlackTeamCountry "GER"]

1. Nf3 c5 2. e4 d6 3. d4 cxd4 4. Nxd4 Nf6 5. Nc3 Nc6 6. Bg5 e6 7. Qd2 a6 8. 0-0-0 Bd7 9. f3 b5 10. Nxc6 Bxc6 11. Kb1 Qb6 12. Be3 Qc7 13. g4 Be7 14. g5 Nd7 15. Bd3 Ne5 16. Rhf1 b4 17. Ne2 d5 18. Nd4 Nc4 19. Qe2 Nxe3 20. Qxe3 Qb6 21. exd5 Bxd5 22. Be4 Rd8 23. Qf4 0-0 24. Nf5 Bxa2+ 25. Kxa2 Qa5+ 26. Kb3 exf5 27. Qxf5 Qxf5 28. Bxf5 Bxg5 29. Rxd8 Rxd8 30. Kxb4 g6 31. Bd3 1/2-1/2

[Event "BL2-Nord 1617"]
[Site "Germany"]
[Date "2017.04.23"]
[Round "8.7"]
[White "Dudzinski, Pawel"]
[Black "Mueller, Oliver"]
[Result "1-0"]
[WhiteElo "2248"]
[BlackElo "2282"]
[PlyCount "87"]
[EventDate "2016.10.16"]
[EventType "team-tourn"]
[EventRounds "9"]
[EventCountry "GER"]
[SourceTitle "EXT 2018"]
[Source "ChessBase"]
[SourceDate "2017.10.13"]
[SourceVersion "1"]
[SourceVersionDate "2017.10.13"]
[SourceQuality "1"]
[WhiteTeam "Ruedersdorf"]
[BlackTeam "Werder Bremen II"]
[WhiteTeamCountry "GER"]
[BlackTeamCountry "GER"]

1. e4 c5 2. Nc3 d6 3. g3 Nc6 4. Bg2 g6 5. d3 Bg7 6. Be3 Nf6 7. h3 Qa5 8. Nge2 e5 9. 0-0 0-0 10. f4 exf4 11. Nxf4 Nd4 12. Ncd5 Nxd5 13. Nxd5 Qd8 14. c3 Nc6 15. Qd2 Be6 16. Nf4 Bd7 17. Rf2 Ne7 18. d4 c4 19. g4 Rb8 20. Raf1 b5 21. e5 dxe5 22. dxe5 Bc6 23. Bxa7 Rb7 24. Qxd8 Rxd8 25. Bd4 Bxg2 26. Kxg2 Nc6 27. Ne2 b4 28. e6 fxe6 29. Bxg7 Kxg7 30. Nf4 Rd6 31. Rc1 bxc3 32. Rxc3 e5 33. Ne2 Rxb2 34. Rxc4 Rxa2 35. Nc3 Rd4 36. Rxc6 Rxf2+ 37. Kxf2 Rd3 38. Rc7+ Kg8 39. Kg2 Rd2+ 40. Kf3 Rd3+ 41. Ke4 Rxh3 42. Kxe5 Rf3 43. Nd5 Rf7 44. Nf6+ 1-0

[Event "Bad Woerishofen op 33rd"]
[Site "Bad Woerishofen"]
[Date "2017.03.13"]
[Round "4"]
[White "Mueller, Oliver"]
[Black "Fischer, Daniel1"]
[Result "1-0"]
[WhiteElo "2310"]
[BlackElo "2097"]
[PlyCount "69"]
[EventDate "2017.03.10"]
[EventType "swiss"]
[EventRounds "9"]
[EventCountry "GER"]
[SourceTitle "EXT 2018"]
[Source "ChessBase"]
[SourceDate "2017.10.13"]
[SourceVersion "1"]
[SourceVersionDate "2017.10.13"]
[SourceQuality "1"]

1. d4 Nf6 2. c4 e6 3. g3 d5 4. Nf3 Be7 5. Bg2 0-0 6. 0-0 c6 7. Qc2 b6 8. Nbd2 Nbd7 9. e4 dxc4 10. Nxc4 Bb7 11. Rd1 c5 12. Nfe5 cxd4 13. Rxd4 Qc7 14. Bf4 Nxe5 15. Bxe5 Qc6 16. Bd6 Bxd6 17. Rxd6 Qc7 18. e5 Bxg2 19. Kxg2 Nd5 20. Qe4 Rfd8 21. Rd1 Rac8 22. Rd4 g6 23. Kh3 Kg7 24. Qh4 b5 25. Rxd8 Qxd8 26. Qxd8 Rxd8 27. Nd6 a6 28. Rd2 Rd7 29. Rc2 Nb4 30. Rc8 Nxa2 31. Ne8+ Kh6 32. Nf6 Rd2 33. f4 Rd3 34. Kh4 Rd4 35. Rg8 1-0

[Event "GER CupT 1617 prel5"]
[Site "Knuellwald"]
[Date "2017.01.28"]
[Round "1.1"]
[White "Tonndorf, Matthias"]
[Black "Mueller, Oliver"]
[Result "0-1"]
[WhiteElo "2256"]
[BlackElo "2295"]
[PlyCount "72"]
[EventDate "2017.01.28"]
[EventType "team-k.o."]
[EventRounds "2"]
[EventCountry "GER"]
[SourceTitle "EXT 2019"]
[Source "ChessBase"]
[SourceDate "2018.10.10"]
[SourceVersion "1"]
[SourceVersionDate "2018.10.10"]
[SourceQuality "1"]
[WhiteTeam "Wolfenbuettel"]
[BlackTeam "DBSB"]
[WhiteTeamCountry "GER"]
[BlackTeamCountry "GER"]

1. e4 c5 2. Nf3 d6 3. d4 cxd4 4. Nxd4 Nf6 5. Nc3 Nc6 6. Bg5 e6 7. Qd2 Be7 8. 0-0-0 Nxd4 9. Qxd4 0-0 10. Kb1 Qa5 11. h4 a6 12. Qd2 Qc5 13. f4 b5 14. Bxf6 gxf6 15. Bd3 Bb7 16. g4 b4 17. Ne2 a5 18. g5 Kh8 19. Rc1 Rg8 20. Ng3 d5 21. Qe2 a4 22. c3 a3 23. exd5 axb2 24. Qxb2 Bxd5 25. c4 Bxh1 26. Nxh1 Qe3 27. Qe2 Qxe2 28. Bxe2 Rgd8 29. Bd1 Rd4 30. c5 Rxf4 31. c6 fxg5 32. hxg5 Bxg5 33. c7 Rc8 34. Be2 Rh4 35. Ba6 Bxc1 36. Bxc8 Rc4 0-1

[Event "IBCA EU-ch blind 06th"]
[Site "Lyon"]
[Date "2015.07.31"]
[Round "7"]
[White "Mueller, Oliver"]
[Black "Dukaczewski, Piotr"]
[Result "1-0"]
[WhiteElo "2269"]
[BlackElo "2237"]
[PlyCount "97"]
[EventDate "2015.07.25"]
[EventType "swiss"]
[EventRounds "9"]
[EventCountry "FRA"]
[SourceTitle "CBM 167 Extra"]
[Source "ChessBase"]
[SourceDate "2015.09.14"]
[SourceVersion "1"]
[SourceVersionDate "2015.09.14"]
[SourceQuality "1"]

1. d4 f5 2. Nc3 Nf6 3. Bg5 d5 4. Bxf6 exf6 5. e3 Nc6 6. g3 Be6 7. Bg2 Qd7 8. Nge2 Bf7 9. a3 0-0-0 10. Nf4 Ne7 11. Nd3 Kb8 12. Nc5 Qe8 13. Qe2 Nc8 14. b4 h5 15. h4 g6 16. a4 Bh6 17. a5 g5 18. f4 Rg8 19. hxg5 fxg5 20. Nd3 gxf4 21. gxf4 Rxg2 22. Qxg2 Qxe3+ 23. Ne2 Re8 24. Ne5 Nd6 25. Rh3 Qe4 26. Qxe4 fxe4 27. Nxf7 Nxf7 28. Rxh5 c6 29. b5 cxb5 30. Rxd5 a6 31. c4 bxc4 32. Rd7 Nd8 33. Rc1 Nc6 34. Rxc4 Nxa5 35. Rcc7 Bf8 36. Rh7 e3 37. Rcf7 Ka7 38. Ng3 Kb6 39. Ke2 Ba3 40. Nf5 Kc6 41. Rc7+ Kb5 42. Rc3 Kb4 43. Rxe3 Rf8 44. Ne7 b5 45. Nd5+ Ka4 46. Nb6+ Kb4 47. Rh1 Nc6 48. Rb1+ Ka5 49. Nc4+ 1-0